Statistiques concernant Clubs de Premier League

Cliquez ici pour prendre le quiz!

Statistiques générales

  • Ce quiz a été pris 251 fois
    (97 depuis la dernière actualisation)
  • Le résultat moyen est 17 sur 20

Statistiques - réponses

Réponse% Correct
Arsenal
100%
Liverpool FC
100%
Manchester City
100%
Manchester United
100%
Chelsea FC
99%
Newcastle United
94%
Tottenham Hotspur
94%
West Ham United
94%
Aston Villa FC
92%
Everton FC
92%
Crystal Palace FC
88%
Brighton HAFC
87%
Wolverhampton
86%
Fulham FC
79%
Nottingham Forest
77%
Burnley FC
69%
AFC Bournemouth
68%
Brentford FC
64%
Sheffield United
62%
Luton Town
38%

Distribution des résultats

Percentile par nombre de réponses

% des personnes avec chaque résultat

Votre développement - résultats

Vous n’avez pas pris ce quiz depuis la dernière actualisation